000 01050nam0a2200301 4500
001 RU\NLR\BIBL_A\011825736
005 20250626135143.0
010 _a978-5-94387-824-4
_94000
035 _a(NILC)LIBNET\0000268684
035 _a(NLR Aleph) 011825736
090 _a11984234
_c11984234
100 _a20181016d2010 |||y0rusy50 ca
101 0 _arus
102 _aRU
105 _aa z 000zy
200 1 _aКак собрать металлоискатели своими руками
_fС. Л. Дубровский
210 _aСанкт-Петербург
_cНаука и Техника
_d2010
215 _a254 с.
_cил.
_d20
225 1 _aДомашний мастер
320 _aБиблиогр.: с. 253-254 (33 назв.)
606 1 _aМеталлоискатели
_91543352
_3RU\NLR\AUTH\66673330
686 1 _aЖ605.9
700 1 _aДубровский
_bС. Л.
801 0 _aRU
_bНовосибирская ГОНБ
_c20120831
_grcr
942 _cBOOK
980 _aNB